[Event "26. Torneo Collado Villalba - B"]
[Site "Collado Villalba ESP"]
[Date "2010.08.24"]
[Round "5.4"]
[White "Medrano Del Val, Julio"]
[Black "Greciano Reiskila, Miguel C"]
[Result "0-1"]
[WhiteElo "1814"]
[BlackElo "1970"]
[PlyCount "91"]
[EventDate "2010.08.20"]
[EventType "swiss"]
[EventRounds "9"]
[EventCountry "ESP"]
[Source "lmi"]
[SourceDate "2010.08.20"]

1. d4 d5 2. Nf3 Nf6 3. c4 c6 4. Nc3 e6 5. e3 dxc4 6. Bxc4 b5 7. Bd3 a6 8. a4
Bb7 9. Qc2 Nbd7 10. Ne4 Be7 11. b3 O-O 12. O-O h6 13. Ba3 Nxe4 14. Bxe7 Qxe7
15. Bxe4 Nf6 16. Bd3 Rac8 17. Qc5 Qc7 18. Ne5 Rfd8 19. axb5 cxb5 20. Qxc7 Rxc7
21. Rfc1 Rdc8 22. Rxc7 Rxc7 23. f3 Rc3 24. Rb1 Nd5 25. e4 f6 26. exd5 Bxd5 27.
Bg6 fxe5 28. dxe5 Bxb3 29. h4 a5 30. h5 b4 31. Kf2 a4 32. Ke2 a3 33. Kd2 a2 34.
Ra1 Kf8 35. Bd3 Ke7 36. g3 Bd5 37. g4 Rc7 38. Bb1 b3 39. Bxa2 bxa2 40. f4 Rb7
41. Kc1 Rb1+ 42. Rxb1 axb1=Q+ 43. Kxb1 Bf3 44. g5 Bxh5 45. Kc2 hxg5 46. fxg5
0-1

[Event "26. Torneo Collado Villalba - B"]
[Site "Collado Villalba ESP"]
[Date "2010.08.24"]
[Round "5.5"]
[White "Bote Kobolo, Benjamin"]
[Black "Lopez Garralon, Miguel"]
[Result "0-1"]
[WhiteElo "1969"]
[BlackElo "1788"]
[PlyCount "82"]
[EventDate "2010.08.20"]
[EventType "swiss"]
[EventRounds "9"]
[EventCountry "ESP"]
[Source "lmi"]
[SourceDate "2010.08.20"]

1. e4 d6 2. Bc4 Nf6 3. d3 e5 4. Nf3 Be7 5. h3 h6 6. Nc3 Nbd7 7. a3 c6 8. Ba2
Qc7 9. Be3 Nf8 10. d4 Be6 11. Bxe6 Nxe6 12. d5 Nf8 13. O-O g5 14. Nh2 Ng6 15.
g3 Qd7 16. Kg2 Rg8 17. Ng4 Nf4+ 18. Bxf4 gxf4 19. dxc6 bxc6 20. Nxh6 Rg6 21.
Nf5 Nxe4 22. Nxe7 Nxc3 23. Qd3 Kxe7 24. Qxc3 Rag8 25. Rae1 Rxg3+ 26. fxg3 Rxg3+
27. Qxg3 fxg3 28. Kxg3 Qe6 29. Re2 Qg6+ 30. Kh2 Ke6 31. Rg2 Qe4 32. Rff2 d5 33.
Rg4 Qe3 34. Kg2 c5 35. h4 f5 36. Ra4 e4 37. Rxa7 f4 38. Rg7 f3+ 39. Kg1 Qf4 40.
Kh1 e3 41. Rh2 f2 0-1

[Event "26. Torneo Collado Villalba - B"]
[Site "Collado Villalba ESP"]
[Date "2010.08.24"]
[Round "5.6"]
[White "Nunez Miranda, Adrian"]
[Black "Martinez Rubio, Felipe"]
[Result "1-0"]
[WhiteElo "1772"]
[BlackElo "1920"]
[PlyCount "147"]
[EventDate "2010.08.20"]
[EventType "swiss"]
[EventRounds "9"]
[EventCountry "ESP"]
[Source "lmi"]
[SourceDate "2010.08.20"]

1. e4 e6 2. d4 c5 3. c3 cxd4 4. cxd4 d5 5. exd5 Qxd5 6. Nc3 Qd8 7. Be3 Nf6 8.
Qd2 Bb4 9. Bc4 O-O 10. Nf3 Nc6 11. O-O a6 12. a3 Be7 13. Rad1 b5 14. Bb3 b4 15.
axb4 Bxb4 16. Qc2 Bb7 17. Bg5 h6 18. Bh4 Na5 19. Ne5 Be7 20. Ba2 Rc8 21. Bb1
Be4 22. Qe2 Bxb1 23. Nxb1 Ra8 24. Nc3 Re8 25. Rd3 Rf8 26. f4 Nd5 27. Nxd5 Bxh4
28. Nc3 Bf6 29. Ne4 Be7 30. g4 Nb7 31. Qg2 Nd6 32. Nc5 Ra7 33. Nc6 Qc7 34. Nxa7
Qxa7 35. Ra1 a5 36. Qc6 Rd8 37. Qa6 Qb8 38. Rb3 Qa8 39. Qxa8 Rxa8 40. Rb6 Nc4
41. Rb7 Bd6 42. b3 Ne3 43. b4 Nc2 44. Ra2 Nxd4 45. Ne4 Bxf4 46. Rxa5 Rf8 47. b5
Nb3 48. Ra3 Nd4 49. Rd3 Nc2 50. b6 Nb4 51. Rdd7 Nd5 52. Nd6 Be3+ 53. Kg2 Bxb6
54. Rxf7 Rxf7 55. Nxf7 Bd4 56. Nd6 Nf6 57. h3 Nd5 58. Kf3 Be5 59. Nc4 Bf6 60.
Nd2 Nc3 61. Nc4 e5 62. Nd6 e4+ 63. Nxe4 Nxe4 64. Kxe4 Kh7 65. Kf5 Bg5 66. Rb6
Be3 67. Re6 Bg5 68. Rg6 Bd2 69. h4 Be3 70. g5 hxg5 71. hxg5 Bc5 72. Rc6 Bd4 73.
g6+ Kh6 74. Rc8 1-0

[Event "26. Torneo Collado Villalba - B"]
[Site "Collado Villalba ESP"]
[Date "2010.08.24"]
[Round "5.7"]
[White "Garcia Burguillo, Javier"]
[Black "Sanchez Ruiz, Piedad Esmeralda"]
[Result "1/2-1/2"]
[WhiteElo "1714"]
[BlackElo "1902"]
[PlyCount "62"]
[EventDate "2010.08.20"]
[EventType "swiss"]
[EventRounds "9"]
[EventCountry "ESP"]
[Source "lmi"]
[SourceDate "2010.08.20"]

1. e4 c5 2. f4 d5 3. exd5 Qxd5 4. Nc3 Qd8 5. Bb5+ Bd7 6. Bxd7+ Qxd7 7. Nf3 Nf6
8. O-O g6 9. d3 Bg7 10. Qe1 Nc6 11. Kh1 Rc8 12. Ne4 b6 13. a3 O-O 14. Qh4 Qf5
15. Rg1 h5 16. Nf2 Nd4 17. c3 Nxf3 18. gxf3 Qd5 19. Qh3 e6 20. Be3 Rfd8 21. d4
Qc6 22. f5 exf5 23. dxc5 bxc5 24. Raf1 Re8 25. Bc1 Re2 26. Nd1 Rc2 27. Ne3 Re2
28. Qg3 Ng4 29. Ng2 Nf6 30. Ne3 Ng4 31. Ng2 Nf6 1/2-1/2

[Event "26. Torneo Collado Villalba - B"]
[Site "Collado Villalba ESP"]
[Date "2010.08.24"]
[Round "5.8"]
[White "Casas Rios, Ramon"]
[Black "Rodriguez Gomez, Jose"]
[Result "0-1"]
[WhiteElo "1879"]
[BlackElo "1711"]
[PlyCount "102"]
[EventDate "2010.08.20"]
[EventType "swiss"]
[EventRounds "9"]
[EventCountry "ESP"]
[Source "lmi"]
[SourceDate "2010.08.20"]

1. Nf3 Nf6 2. g3 e6 3. Bg2 Be7 4. O-O O-O 5. d4 d5 6. c4 c6 7. Qc2 Nbd7 8. Nbd2
h6 9. e4 dxe4 10. Nxe4 Nxe4 11. Qxe4 Nf6 12. Qe2 Re8 13. Rd1 Bf8 14. Ne5 Rb8
15. Bf4 Bd6 16. b4 a6 17. Qf3 Qe7 18. Rab1 Bd7 19. Nd3 Rbd8 20. a4 Bxf4 21.
Qxf4 b5 22. Ne5 Rc8 23. axb5 axb5 24. c5 Nd5 25. Qd2 f6 26. Nd3 Ra8 27. Re1 Qf7
28. Nf4 Ra4 29. Nxd5 exd5 30. Re3 Rxe3 31. Qxe3 Bf5 32. Rd1 Rxb4 33. Bf1 Qe6
34. Qc3 Ra4 35. Re1 Qc8 36. Be2 Bg6 37. Kg2 Kf8 38. Qe3 Qe8 39. Qc3 Qe4+ 40.
Kg1 Qxd4 41. Qc1 b4 42. Rd1 Qc3 43. Qxc3 bxc3 44. Kf1 Rb4 45. Ke1 Rb1 46. Rxb1
Bxb1 47. Kd1 Ke7 48. Bg4 f5 49. Be2 d4 50. Kc1 Be4 51. f3 d3 0-1

[Event "26. Torneo Collado Villalba - B"]
[Site "Collado Villalba ESP"]
[Date "2010.08.24"]
[Round "5.9"]
[White "Escalante Ortega, Fernando"]
[Black "Pardo Vaquero, Ignacio"]
[Result "1-0"]
[WhiteElo "1853"]
[BlackElo "1659"]
[PlyCount "127"]
[EventDate "2010.08.20"]
[EventType "swiss"]
[EventRounds "9"]
[EventCountry "ESP"]
[Source "lmi"]
[SourceDate "2010.08.20"]

1. e4 c6 2. d4 d5 3. Nc3 dxe4 4. Nxe4 Nd7 5. Qe2 e6 6. g3 Ngf6 7. Bg2 Nxe4 8.
Qxe4 Nf6 9. Qd3 c5 10. Ne2 cxd4 11. Qxd4 Bd6 12. Bf4 Qa5+ 13. Bd2 Qc7 14. O-O
O-O 15. Bc3 Rd8 16. Rad1 Be7 17. Qe5 Bd6 18. Qg5 h6 19. Qc1 e5 20. Rfe1 Bg4 21.
h3 Bh5 22. g4 Bg6 23. Ng3 Rab8 24. Ne4 Bxe4 25. Bxe4 Nxe4 26. Rxe4 f6 27. Rde1
b5 28. R1e2 b4 29. Bd2 a5 30. c4 bxc3 31. Qxc3 Qxc3 32. Bxc3 Bb4 33. Rc4 Bxc3
34. Rxc3 Rd1+ 35. Kg2 Rbd8 36. Rec2 Kh7 37. b3 R8d4 38. Rc4 Kg6 39. h4 h5 40.
Rxd4 Rxd4 41. Rc4 Rxg4+ 42. Rxg4+ hxg4 43. a3 Kf5 44. Kg3 g6 45. b4 axb4 46.
axb4 Ke4 47. Kxg4 Kd4 48. h5 f5+ 49. Kg5 gxh5 50. Kxf5 e4 51. b5 Kc5 52. Kxe4
Kxb5 53. Kf4 Kc5 54. Kg5 Kd5 55. Kxh5 Ke6 56. Kg6 Ke5 57. Kg5 Ke6 58. f3 Kf7
59. Kf5 Kg7 60. Ke6 Kf8 61. Kf6 Kg8 62. f4 Kf8 63. f5 Kg8 64. Ke7 1-0

[Event "26. Torneo Collado Villalba - B"]
[Site "Collado Villalba ESP"]
[Date "2010.08.24"]
[Round "5.10"]
[White "Gil Fernandez, Daniel"]
[Black "Martin Garcia, Francisco Javier"]
[Result "1-0"]
[WhiteElo "1849"]
[BlackElo "1578"]
[PlyCount "81"]
[EventDate "2010.08.20"]
[EventType "swiss"]
[EventRounds "9"]
[EventCountry "ESP"]
[Source "lmi"]
[SourceDate "2010.08.20"]

1. d4 Nf6 2. c4 c5 3. d5 b5 4. cxb5 a6 5. e3 axb5 6. Bxb5 Qa5+ 7. Nc3 Ba6 8.
Qd3 Bxb5 9. Qxb5 Qxb5 10. Nxb5 Na6 11. d6 exd6 12. Bd2 Rb8 13. a4 Be7 14. Ne2
O-O 15. O-O d5 16. Bc3 Ne4 17. Rfd1 Nf6 18. Nf4 d4 19. exd4 g5 20. Nd3 c4 21.
Ne5 d5 22. Nc6 Rb7 23. Re1 Re8 24. Re2 Kf8 25. Rae1 Ne4 26. f3 Nf6 27. Kf2 g4
28. Nxe7 Rbxe7 29. Rxe7 Rxe7 30. Rxe7 Kxe7 31. fxg4 Nxg4+ 32. Kg3 Nf6 33. Kf4
Ke6 34. Kg5 h6+ 35. Kf4 Ne4 36. Kf3 Ng5+ 37. Kg4 Ne4 38. h3 Nf6+ 39. Kf3 Ne4
40. Ba5 Nd2+ 41. Bxd2 1-0

[Event "26. Torneo Collado Villalba - B"]
[Site "Collado Villalba ESP"]
[Date "2010.08.25"]
[Round "6.1"]
[White "Fernandez Garcia, Ignacio"]
[Black "Piriz Fernandez, Daniel"]
[Result "0-1"]
[WhiteElo "1909"]
[BlackElo "1841"]
[PlyCount "96"]
[EventDate "2010.08.20"]
[EventType "swiss"]
[EventRounds "9"]
[EventCountry "ESP"]
[Source "lmi"]
[SourceDate "2010.08.20"]

1. e4 e6 2. d4 d5 3. e5 c5 4. c3 Qb6 5. Nf3 Nc6 6. Bd3 cxd4 7. cxd4 Bd7 8. O-O
Nxd4 9. Ng5 Nh6 10. Nc3 Nhf5 11. g4 Nh4 12. Be3 h6 13. Bxd4 Qxd4 14. Nxe6 Qxe5
15. Nxf8 Kxf8 16. Be2 Bc6 17. Bb5 d4 18. Bxc6 bxc6 19. Na4 Re8 20. Qd3 Qd5 21.
Qg3 Nf3+ 22. Kg2 Nd2+ 23. Kg1 Nxf1 24. Rxf1 g6 25. b4 Kg7 26. Nc5 h5 27. g5 Re5
28. h4 Rhe8 29. a4 Re1 30. Qd3 Rxf1+ 31. Qxf1 d3 32. Nxd3 Re4 33. f4 Rd4 34.
Qa1 Qe4 35. Nf2 Qxf4 36. b5 Qe5 37. Kf1 cxb5 38. axb5 Rd5 39. Qxa7 Rxb5 40. Kg2
Rb2 41. Kf3 Qf5+ 42. Kg3 Rb3+ 43. Kg2 Qf3+ 44. Kg1 Qg3+ 45. Kf1 Rb1+ 46. Ke2
Qe5+ 47. Kf3 Rg1 48. Ne4 Qf5+ 0-1

[Event "26. Torneo Collado Villalba - B"]
[Site "Collado Villalba ESP"]
[Date "2010.08.25"]
[Round "6.2"]
[White "Greciano Reiskila, Miguel C"]
[Black "Rubio Campos, Juan"]
[Result "0-1"]
[WhiteElo "1970"]
[BlackElo "1813"]
[PlyCount "59"]
[EventDate "2010.08.20"]
[EventType "swiss"]
[EventRounds "9"]
[EventCountry "ESP"]
[Source "lmi"]
[SourceDate "2010.08.20"]

1. Nf3 d5 2. d4 e6 3. c4 c5 4. cxd5 exd5 5. e3 Nc6 6. Nc3 Nf6 7. Bb5 Bd6 8. O-O
O-O 9. Re1 Bg4 10. Bxc6 bxc6 11. h3 Bh5 12. dxc5 Bxc5 13. a3 a5 14. g4 Bg6 15.
Ne5 Qc7 16. f4 Bd6 17. Nf3 h5 18. g5 Ne4 19. Nxe4 Bxe4 20. Nd4 g6 21. Bd2 Qd7
22. Kh2 c5 23. Nf3 Qb7 24. Bc3 d4 25. Nxd4 Rfd8 26. Ne2 Bxf4+ 27. Nxf4 Rxd1 28.
Raxd1 Bf3 29. Rd6 Qe4 30. Rd2 0-1

[Event "26. Torneo Collado Villalba - B"]
[Site "Collado Villalba ESP"]
[Date "2010.08.25"]
[Round "6.4"]
[White "Nunez Miranda, Adrian"]
[Black "Navarro Martin, Carlos"]
[Result "0-1"]
[WhiteElo "1772"]
[BlackElo "1843"]
[PlyCount "82"]
[EventDate "2010.08.20"]
[EventType "swiss"]
[EventRounds "9"]
[EventCountry "ESP"]
[Source "lmi"]
[SourceDate "2010.08.20"]

1. e4 c5 2. d3 Nc6 3. g3 g6 4. Bg2 Bg7 5. f4 d6 6. Nf3 e5 7. O-O exf4 8. gxf4
Nge7 9. c3 O-O 10. Be3 Bg4 11. h3 Bh5 12. Na3 b6 13. d4 cxd4 14. cxd4 d5 15. e5
Nf5 16. Bf2 Qd7 17. Qd2 Nd8 18. Nh4 Ne7 19. Bg3 Ne6 20. Rac1 Bh6 21. Rc3 f6 22.
Qd3 fxe5 23. fxe5 Rxf1+ 24. Bxf1 Nf4 25. Bxf4 Bxf4 26. Qb5 Qd8 27. Be2 a6 28.
Qd3 Nf5 29. Nxf5 Qg5+ 30. Ng3 Bxe2 31. Qxe2 h5 32. Qg2 Be3+ 33. Kh2 Rf8 34. Rc2
Bf4 35. Qxd5+ Rf7 36. Qb3 h4 37. e6 Bxg3+ 38. Kh1 Rf1+ 39. Kg2 Re1 40. d5 Bf4+
41. Kf2 Qg1+ 0-1

[Event "26. Torneo Collado Villalba - B"]
[Site "Collado Villalba ESP"]
[Date "2010.08.25"]
[Round "6.5"]
[White "Rodriguez Gomez, Jose"]
[Black "Morona Minguez, Irene"]
[Result "1-0"]
[WhiteElo "1711"]
[BlackElo "1838"]
[PlyCount "99"]
[EventDate "2010.08.20"]
[EventType "swiss"]
[EventRounds "9"]
[EventCountry "ESP"]
[Source "lmi"]
[SourceDate "2010.08.20"]

1. e4 c5 2. Nf3 e6 3. c3 d5 4. exd5 exd5 5. d4 Nf6 6. Bg5 Be7 7. Bd3 O-O 8. O-O
Nc6 9. Nbd2 Bg4 10. Qa4 c4 11. Be2 Qb6 12. Qc2 Bh5 13. Rfe1 Bg6 14. Qc1 h6 15.
Bh4 Rfe8 16. Bd1 a5 17. Bc2 Bh5 18. b3 Qc7 19. Bg3 Qd7 20. bxc4 Bxf3 21. Nxf3
dxc4 22. Ba4 Bd6 23. Qd2 Ne4 24. Qc2 Bxg3 25. hxg3 Qd5 26. Rab1 Nd6 27. Qc1 b5
28. Bd1 Ne4 29. a3 Rab8 30. Nd2 f5 31. Bf3 Re7 32. Nxe4 fxe4 33. Be2 Rf8 34.
Rb2 Ref7 35. Qe3 Rxf2 36. Bxc4 bxc4 37. Rxf2 Rxf2 38. Qxf2 Na7 39. a4 Nc8 40.
Qf4 Nd6 41. Qe5 Qc6 42. Qxa5 g6 43. Qb4 Kf7 44. a5 Ke6 45. Qb6 Qxb6 46. axb6
Kd5 47. Rb1 Nb7 48. Kf2 Kc6 49. Ke3 Na5 50. b7 1-0

[Event "26. Torneo Collado Villalba - B"]
[Site "Collado Villalba ESP"]
[Date "2010.08.25"]
[Round "6.6"]
[White "Monmeneu Chulia, Vicente Juan"]
[Black "Balsinde Montemayor, Pablo"]
[Result "1-0"]
[WhiteElo "1953"]
[BlackElo "1827"]
[PlyCount "64"]
[EventDate "2010.08.20"]
[EventType "swiss"]
[EventRounds "9"]
[EventCountry "ESP"]
[Source "lmi"]
[SourceDate "2010.08.20"]

1. d4 d5 2. c4 c6 3. e3 Nf6 4. Nf3 Bf5 5. Nc3 a6 6. Be2 e6 7. O-O Nbd7 8. Nh4
Bg6 9. Nxg6 hxg6 10. b3 Bd6 11. g3 O-O 12. cxd5 cxd5 13. Bb2 b5 14. a3 Nb6 15.
Bf3 Rc8 16. Bg2 Qe7 17. Qd3 Ra8 18. f3 Rfc8 19. e4 Bb8 20. e5 Ne8 21. f4 Ba7
22. Nd1 Nc7 23. g4 Nd7 24. Ne3 Nf8 25. f5 gxf5 26. gxf5 Qg5 27. Rf3 Re8 28. Rg3
Qh5 29. Rf1 exf5 30. Rxf5 Qh7 31. Qf1 g6 32. Ng4 Nd7 1-0

[Event "26. Torneo Collado Villalba - B"]
[Site "Collado Villalba ESP"]
[Date "2010.08.25"]
[Round "6.8"]
[White "Sanchez Ruiz, Piedad Esmeralda"]
[Black "Sanchez Yunquera, Raul"]
[Result "1-0"]
[WhiteElo "1902"]
[BlackElo "1702"]
[PlyCount "65"]
[EventDate "2010.08.20"]
[EventType "swiss"]
[EventRounds "9"]
[EventCountry "ESP"]
[Source "lmi"]
[SourceDate "2010.08.20"]

1. e4 e5 2. Nf3 Nc6 3. Bb5 a6 4. Ba4 Nf6 5. d3 h6 6. c3 b5 7. Bc2 Bc5 8. O-O d6
9. Nbd2 Bg4 10. Re1 O-O 11. Nf1 d5 12. exd5 Qxd5 13. Bb3 Qd6 14. Ng3 Rad8 15.
h3 Bxf3 16. Qxf3 b4 17. Nf5 Qd7 18. Nxh6+ Kh7 19. Nf5 Na5 20. Bc2 g6 21. Nh4
Qc6 22. Rxe5 Rd5 23. Rxd5 Nxd5 24. d4 Be7 25. Qh5+ Kg8 26. Nxg6 fxg6 27. Bxg6
Nf6 28. Qxa5 bxc3 29. Qxc3 Qd6 30. Qd3 Nd5 31. Be4 Bh4 32. Bxd5+ Qxd5 33. Qg6+
1-0

[Event "26. Torneo Collado Villalba - B"]
[Site "Collado Villalba ESP"]
[Date "2010.08.25"]
[Round "6.9"]
[White "Santamarta Dominguez, Fernando"]
[Black "Bolea Olivan, Jose Angel"]
[Result "1-0"]
[WhiteElo "1772"]
[BlackElo "1882"]
[PlyCount "81"]
[EventDate "2010.08.20"]
[EventType "swiss"]
[EventRounds "9"]
[EventCountry "ESP"]
[Source "lmi"]
[SourceDate "2010.08.20"]

1. Nf3 c5 2. c4 Nf6 3. g3 e6 4. Bg2 Nc6 5. Nc3 a6 6. O-O Be7 7. d4 cxd4 8. Nxd4
Qc7 9. e4 O-O 10. Kh1 d6 11. b3 Bd7 12. Bb2 Nxd4 13. Qxd4 Bc6 14. Rac1 Qa5 15.
Rc2 Rad8 16. a3 Qh5 17. f4 d5 18. cxd5 exd5 19. Nxd5 Bxd5 20. exd5 Bd6 21. Qd3
Nd7 22. b4 Rfe8 23. Qc3 Nf6 24. Qd3 Nd7 25. h3 Bf8 26. Bd4 Qh6 27. Bc5 Nb6 28.
d6 Bxd6 29. Rd1 Bxc5 30. Qxd8 Rxd8 31. Rxd8+ Bf8 32. Re2 g6 33. Ree8 Qh5 34.
Rxf8+ Kg7 35. g4 Qh4 36. g5 f6 37. Rxf6 Qe1+ 38. Kh2 Qe7 39. Rb8 h6 40. Rxb6
hxg5 41. R8xb7 1-0

[Event "26. Torneo Collado Villalba - B"]
[Site "Collado Villalba ESP"]
[Date "2010.08.25"]
[Round "6.10"]
[White "Garcia Cervigon, Cecilio"]
[Black "Garcia Burguillo, Javier"]
[Result "0-1"]
[WhiteElo "1864"]
[BlackElo "1714"]
[PlyCount "62"]
[EventDate "2010.08.20"]
[EventType "swiss"]
[EventRounds "9"]
[EventCountry "ESP"]
[Source "lmi"]
[SourceDate "2010.08.20"]

1. d4 Nf6 2. Nf3 g6 3. Bf4 Bg7 4. h3 O-O 5. Nbd2 d5 6. e3 e6 7. Bd3 c5 8. c3
Nc6 9. O-O Qe7 10. Ne5 Nh5 11. Nxc6 bxc6 12. Bh2 cxd4 13. exd4 c5 14. Nf3 cxd4
15. Nxd4 Bb7 16. Re1 a6 17. Be2 Nf6 18. Be5 Ne4 19. Bxg7 Kxg7 20. Qc2 Rac8 21.
Bf3 Rfd8 22. Rad1 Qf6 23. Bxe4 dxe4 24. Ne2 Qg5 25. Ng3 f5 26. Qc1 Qf6 27. Rxd8
Rxd8 28. Rd1 e5 29. Nf1 Rd3 30. Ne3 Qd6 31. Re1 f4 0-1

[Event "26. Torneo Collado Villalba - B"]
[Site "Collado Villalba ESP"]
[Date "2010.08.25"]
[Round "6.11"]
[White "Perez Perez, Elena"]
[Black "Bote Kobolo, Benjamin"]
[Result "0-1"]
[WhiteElo "1584"]
[BlackElo "1969"]
[PlyCount "110"]
[EventDate "2010.08.20"]
[EventType "swiss"]
[EventRounds "9"]
[EventCountry "ESP"]
[Source "lmi"]
[SourceDate "2010.08.20"]

1. e4 Nc6 2. Nf3 e5 3. Bc4 Be7 4. c3 Nf6 5. d3 O-O 6. Bb3 d6 7. Nbd2 Bg4 8. h3
Bh5 9. Nf1 Bg6 10. Ng3 d5 11. exd5 Nxd5 12. O-O Nf4 13. d4 Nd3 14. dxe5 Ndxe5
15. Nxe5 Nxe5 16. Qxd8 Raxd8 17. Re1 Bf6 18. Ne4 Bxe4 19. Rxe4 Nd3 20. Re2 Rfe8
21. Be3 b5 22. Rd2 a5 23. Rad1 Ne5 24. Bf4 Rxd2 25. Rxd2 a4 26. Bc2 Nc4 27. Rd7
Nxb2 28. Rxc7 g5 29. Be3 Re5 30. Rc6 Be7 31. Rh6 f5 32. Bd4 Rd5 33. g4 Bf8 34.
Re6 fxg4 35. hxg4 Kf7 36. Rf6+ Ke7 37. Bxh7 Rxd4 38. cxd4 Kxf6 39. Be4 Ke6 40.
Kg2 Bg7 41. d5+ Kd6 42. Kg3 Be5+ 43. Kf3 Kc5 44. Ke2 Kb4 45. Bb1 Kc5 46. Be4
Nc4 47. Kd3 Nd6 48. Bg2 Kb4 49. Kc2 Ka3 50. Kb1 Nb7 51. Bf1 b4 52. Be2 Nc5 53.
f3 b3 54. axb3 Nxb3 55. Kc2 Nd4+ 0-1

[Event "26. Torneo Collado Villalba - B"]
[Site "Collado Villalba ESP"]
[Date "2010.08.25"]
[Round "6.14"]
[White "Martinez Rubio, Felipe"]
[Black "Aragon Gutierrez, Alejandro"]
[Result "1-0"]
[WhiteElo "1920"]
[BlackElo "1697"]
[PlyCount "87"]
[EventDate "2010.08.20"]
[EventType "swiss"]
[EventRounds "9"]
[EventCountry "ESP"]
[Source "lmi"]
[SourceDate "2010.08.20"]

1. d4 f5 2. Bg5 g6 3. Nd2 Nh6 4. c3 Nf7 5. Be3 Bg7 6. f4 d6 7. Ngf3 c6 8. Bf2
e5 9. fxe5 dxe5 10. dxe5 Nxe5 11. Qb3 Qe7 12. Bh4 Qe6 13. O-O-O O-O 14. Nd4
Qxb3 15. N2xb3 b6 16. h3 a6 17. Bg5 h6 18. Be3 Rd8 19. Nd2 c5 20. N4f3 Nbc6 21.
Bf4 Be6 22. b3 Nxf3 23. exf3 Bxc3 24. Nc4 Rxd1+ 25. Kxd1 b5 26. Kc2 Bg7 27. Nb2
Bxb2 28. Kxb2 g5 29. Be3 Nd4 30. f4 gxf4 31. Bxf4 h5 32. Be3 Rc8 33. Kc3 Rd8
34. g3 Bd5 35. Rh2 Be4 36. Rd2 b4+ 37. Kc4 Rd5 38. Bxd4 cxd4 39. Kxb4 d3 40.
Kc4 Rd6 41. Bxd3 Rg6 42. Bxe4 fxe4 43. Rg2 Kf7 44. Kd4 1-0

[Event "26. Torneo Collado Villalba - B"]
[Site "Collado Villalba ESP"]
[Date "2010.08.26"]
[Round "7.1"]
[White "Piriz Fernandez, Daniel"]
[Black "Lopez Garralon, Miguel"]
[Result "1-0"]
[WhiteElo "1841"]
[BlackElo "1788"]
[PlyCount "103"]
[EventDate "2010.08.20"]
[EventType "swiss"]
[EventRounds "9"]
[EventCountry "ESP"]
[Source "lmi"]
[SourceDate "2010.08.20"]

1. d4 d6 2. c4 Nf6 3. Nf3 Nbd7 4. Nc3 e5 5. Bg5 Be7 6. g3 c6 7. Bg2 Qc7 8. O-O
h6 9. Bc1 Nf8 10. b4 g5 11. d5 Ng6 12. dxc6 bxc6 13. b5 Bd7 14. bxc6 Bxc6 15.
Nb5 Bxb5 16. cxb5 Rb8 17. Qa4 Nd7 18. Be3 Nb6 19. Qa5 Nd5 20. Qxc7 Nxc7 21. a4
a6 22. Ba7 Kd7 23. b6 Ne6 24. Rfc1 Nc5 25. Bxb8 Rxb8 26. Rab1 f5 27. Nd2 Bd8
28. a5 e4 29. g4 Nf4 30. Bf1 fxg4 31. Nb3 Nfe6 32. e3 Nxb3 33. Rxb3 Nc5 34. Rb4
Ke6 35. Bc4+ d5 36. Be2 Be7 37. Bxg4+ Ke5 38. Rbb1 Bd6 39. Be2 g4 40. Rd1 h5
41. Rb2 Na4 42. Rc2 Bb4 43. Rb1 Bxa5 44. Ra1 Bxb6 45. Rxa4 d4 46. exd4+ Bxd4
47. Ra5+ Kf4 48. Rxh5 e3 49. fxe3+ Kxe3 50. Kg2 Rb1 51. Bxg4 Kf4 52. Bc8 1-0

[Event "26. Torneo Collado Villalba - B"]
[Site "Collado Villalba ESP"]
[Date "2010.08.26"]
[Round "7.3"]
[White "Navarro Martin, Carlos"]
[Black "Monmeneu Chulia, Vicente Juan"]
[Result "0-1"]
[WhiteElo "1843"]
[BlackElo "1953"]
[PlyCount "48"]
[EventDate "2010.08.20"]
[EventType "swiss"]
[EventRounds "9"]
[EventCountry "ESP"]
[Source "lmi"]
[SourceDate "2010.08.20"]

1. d4 Nf6 2. c4 g6 3. Nc3 Bg7 4. e4 d6 5. Be2 Na6 6. Nf3 O-O 7. O-O e5 8. Re1
c6 9. Bf1 Bg4 10. dxe5 Bxf3 11. Qxf3 dxe5 12. Bg5 Qe7 13. Rad1 Rad8 14. a3 Nc5
15. b4 Ne6 16. Be3 Nd4 17. Bxd4 exd4 18. e5 dxc3 19. exf6 Qxf6 20. Qxf6 Bxf6
21. Rd3 Rxd3 22. Bxd3 Rd8 23. Bb1 Rd2 24. Rc1 c2 0-1

[Event "26. Torneo Collado Villalba - B"]
[Site "Collado Villalba ESP"]
[Date "2010.08.26"]
[Round "7.4"]
[White "Garcia Burguillo, Javier"]
[Black "Fernandez Garcia, Ignacio"]
[Result "0-1"]
[WhiteElo "1714"]
[BlackElo "1909"]
[PlyCount "58"]
[EventDate "2010.08.20"]
[EventType "swiss"]
[EventRounds "9"]
[EventCountry "ESP"]
[Source "lmi"]
[SourceDate "2010.08.20"]

1. e4 e6 2. d4 d5 3. exd5 exd5 4. Bd3 Nf6 5. h3 Bd6 6. Qf3 c6 7. Ne2 Be6 8. O-O
O-O 9. c3 Nbd7 10. Bf4 Bxf4 11. Nxf4 Qb6 12. Qe2 Rae8 13. Qc2 c5 14. Nxe6 fxe6
15. dxc5 Nxc5 16. Be2 Nce4 17. Bf3 Ng5 18. Nd2 e5 19. Rae1 e4 20. Be2 e3 21.
fxe3 Qxe3+ 22. Kh1 Nfe4 23. Nxe4 Rxf1+ 24. Rxf1 Nxe4 25. Rf3 Ng3+ 26. Kh2 Qxe2
27. Qb3 Nf1+ 28. Kh1 Ne3 29. Qxb7 Qxg2# 0-1

[Event "26. Torneo Collado Villalba - B"]
[Site "Collado Villalba ESP"]
[Date "2010.08.26"]
[Round "7.5"]
[White "Gil Fernandez, Daniel"]
[Black "Sanchez Ruiz, Piedad Esmeralda"]
[Result "1-0"]
[WhiteElo "1849"]
[BlackElo "1902"]
[PlyCount "57"]
[EventDate "2010.08.20"]
[EventType "swiss"]
[EventRounds "9"]
[EventCountry "ESP"]
[Source "lmi"]
[SourceDate "2010.08.20"]

1. d4 d5 2. c4 e6 3. Nc3 c5 4. cxd5 exd5 5. dxc5 d4 6. Ne4 Bxc5 7. Nxc5 Qa5+ 8.
Bd2 Qxc5 9. Rc1 Qf5 10. Bb4 Nc6 11. Bc5 Nge7 12. Nf3 O-O 13. Nxd4 Qf6 14. Nxc6
bxc6 15. Bxe7 Qxe7 16. Rxc6 Rd8 17. Qc2 Rb8 18. a3 a5 19. e3 Qe5 20. Ba6 Bf5
21. Qc5 Qxb2 22. O-O Bd7 23. Rd6 Be6 24. Rxd8+ Rxd8 25. Qxa5 Ra8 26. Rd1 g6 27.
Rd8+ Rxd8 28. Qxd8+ Kg7 29. Qd4+ 1-0

[Event "26. Torneo Collado Villalba - B"]
[Site "Collado Villalba ESP"]
[Date "2010.08.26"]
[Round "7.6"]
[White "Garcia Sanz, Eduardo"]
[Black "Santamarta Dominguez, Fernando"]
[Result "0-1"]
[WhiteElo "1972"]
[BlackElo "1772"]
[PlyCount "86"]
[EventDate "2010.08.20"]
[EventType "swiss"]
[EventRounds "9"]
[EventCountry "ESP"]
[Source "lmi"]
[SourceDate "2010.08.20"]

1. e4 c5 2. Nf3 d6 3. d4 cxd4 4. Nxd4 Nf6 5. Nc3 a6 6. Be3 e6 7. g3 b5 8. a3
Bb7 9. Bg2 Be7 10. O-O O-O 11. f4 Qc7 12. Qe2 Nc6 13. Rad1 Rac8 14. Nxc6 Qxc6
15. h3 Qc4 16. Qxc4 Rxc4 17. e5 Nd5 18. Nxd5 exd5 19. exd6 Bxd6 20. Bxd5 Bxd5
21. Rxd5 Be7 22. c3 Re4 23. Kf2 Re8 24. Re5 Rxe5 25. fxe5 Bd8 26. Rd1 Bc7 27.
Bd4 Rd8 28. Re1 Re8 29. Re3 Re6 30. Kf3 Kf8 31. Re4 Rh6 32. Bc5+ Ke8 33. h4 Kd7
34. a4 Re6 35. axb5 axb5 36. Bd4 Kc6 37. b3 Kd5 38. c4+ bxc4 39. bxc4+ Kc6 40.
Rg4 g6 41. Re4 h5 42. g4 hxg4+ 43. Kxg4 f5+ 0-1